Graduate outcome and industry expectation in a tourism management programme /
محفوظ في:
| المؤلف الرئيسي: | |
|---|---|
| التنسيق: | أطروحة كتاب |
| اللغة: | English |
| منشور في: |
2008.
|
| الموضوعات: | |
| الوسوم: |
إضافة وسم
لا توجد وسوم, كن أول من يضع وسما على هذه التسجيلة!
|
| LEADER | 01137cam a2200289 i 4500 | ||
|---|---|---|---|
| 001 | u1079802 | ||
| 003 | SIRSI | ||
| 005 | 201803301706 | ||
| 008 | 180330s2008 my a 000 0 eng | ||
| 040 | |a UMD |e rda | ||
| 090 | |a LB7 |b A1 UM 2008 Nee | ||
| 100 | 0 | |a Neethiahnanthan Ari Ragavan, |e author. | |
| 245 | 1 | 0 | |a Graduate outcome and industry expectation in a tourism management programme / |c Neethiahnanthan Ari Ragavan. |
| 264 | 1 | |c 2008. | |
| 264 | 4 | |c 2008. | |
| 300 | |a vii, 92 leaves : |b illustration, ; |c 30 cm. | ||
| 336 | |a text |2 rdacontent | ||
| 337 | |a unmediated |2 rdamedia | ||
| 338 | |a volume |2 rdacarrier | ||
| 502 | |b M.Ed.Cur. |c Jabatan Kurikulum dan Teknologi Pengajaran, Fakulti Pendidikan Universiti Malaya |d 2008. | ||
| 504 | |a Bibliography: leaves 83-86. | ||
| 650 | 0 | |a Graduate students. | |
| 650 | 0 | |a Tourism management. | |
| 650 | 0 | |a Universities and colleges |x Students. | |
| 710 | 2 | |a Universiti Malaya. |b Jabatan Kurikulum dan Teknologi Pengajaran, |e degree granting institution. | |
| 596 | |a 8 | ||
| 999 | |a LB7 A1 UM 2008 NEE |w LC |c 1 |i A516803595 |d 15/10/2018 |f 15/10/2018 |g 1 |l STACKS |m P08PENDIDI |r Y |s Y |t TESIS |u 15/10/2018 |1 AHSS | ||
